000 02290nam a2200457 c 4500
003 BLK
005 20250620005648.0
008 180411b bul|||||r ||||||| ||bul||
010 _aKNG00186477000
020 _a978-954-357-311-0
_bиздат.: ЕМАС
040 _aBLK
041 _aBUL
_cBUL
072 7 _2bullib
_aН61
_xМедицина Н
080 _aВлияние на възрастта върху различни физиологични процеси - Пубертет (полово съзряване), менструация, менопауза, плодовитост, безплодие, лактация, млечни жлези, климактериум и др.
_b612.66
_x-055.15
_z612.66-055.15
080 _aПолова просвета
_b613.88:374
_x-055.15
_z613.88:374-055.15
080 _aПсихология на юношите
_b159.922.8
_x-055.15
_z159.922.8-055.15
100 1 _aАусфелдер, Труде
_eпърви автор
_934808
700 _aПенева, Ваня Илиева
_d1957-
_gПреводач от немски, английски и руски език.
_eпрев. от нем.
_9363755
139 _aАусфелдер, Труде
_bА 93
245 1 0 _aТези момчета! Всичко, което момичетата искат да знаят за момчетата
_cТруде Аусфелдер; прев. от нем. Ваня Илиева Пенева.
257 _aDEU
260 София
_bЕМАС
_c2015
300 _a176 с.
_bс ил.
_c22 см
380 _a61
490 1 _aВсичко, което...
500 _aОриг. загл. Alles, was Madchen uber Jungen wissen wollen / Trude Ausfelder.
650 4 _aПубертет - физиология и психология
_9265611
650 4 _aПубертет - юноши
_9265143
650 4 _aМомчета - психология и поведение
_9162636
653 _aпубертет
653 _aюноши
653 _aмомчета
653 _aтийнейджъри
659 _aН
852 _aЦб 279493
856 4 _qpdf
_u
856 4 _qpdf
_u
942 _cKNG
_n0
_01
944 _aCR
_c12.02.2016
_lCRON CRON
_k
944 _aED
_c28.03.2016
_lф /
_kЛюдмила_Стоянова
999 _c177780
_d177780